000
00287nam a2200109Ia 4500
008
200302s9999 xx 000 0 und d
100
_a
Charles Merrick Gay
245
_a
Materials and Methods of Archtectural Construction
260
_b
John Wiley & Sons Inc.
260
_c
1943
300
_a
635 P.,
999
_c
4
_d
4